000 00599nam a2200241Ia 4500
003 OSt
005 20221007101303.0
006 a|||||r|||| 00| 0
007 ta
008 221006b |||||||| |||| 00| 0 eng d
024 _a6,172
037 _cTextual
040 _aLCO
_cLCO
_beng
041 _2eng
_aeng
082 _aZ3,3, L2
100 _aDESAI V V
_9702813
245 0 _aIndian Contract Act.
260 _aBombay
_bCurrent Book House
_c1972
300 _a232
650 _aCONTRACT ACT
_9424981
942 _hZ3,3, L2
_cTEXL
999 _c1175735
_d1175735